[Event "European Clubs Cup"]
[Site "chess24.com"]
[Date "2018.10.13"]
[Round "2"]
[White "Milosevic, Milos"]
[Black "Jepson, Christian"]
[Result "1-0"]
[Board "1"]
[WhiteElo "2306"]
[WhiteTitle "FM"]
[WhiteCountry "SRB"]
[WhiteFideId "964875"]
[WhiteEloChange "13"]
[BlackElo "2413"]
[BlackTitle "IM"]
[BlackCountry "SWE"]
[BlackFideId "1701185"]
[BlackEloChange "-6"]

1. e4 {[%clk 1:30:55]} d6 {[%clk 1:30:54]} 2. d4 {[%clk 1:31:21]} g6 {[%clk
1:31:20]} 3. Nc3 {[%clk 1:31:46]} Bg7 {[%clk 1:31:45]} 4. f4 {[%clk 1:32:10]} Nc6
{[%clk 1:32:07]} 5. Be3 {[%clk 1:32:34]} Nf6 {[%clk 1:32:25]} 6. Be2 {[%clk
1:31:24]} e6 {[%clk 1:28:47]} 7. Qd2 {[%clk 1:26:00]} Ne7 {[%clk 1:27:14]} 8.
O-O-O {[%clk 1:16:08]} a6 {[%clk 1:27:25]} 9. g4 {[%clk 1:15:51]} b5 {[%clk
1:23:07]} 10. Bf3 {[%clk 1:12:47]} Bb7 {[%clk 1:19:34]} 11. Qg2 {[%clk 1:04:13]}
b4 {[%clk 1:13:38]} 12. Nce2 {[%clk 1:04:08]} d5 {[%clk 0:33:36]} 13. e5 {[%clk
1:03:44]} Ne4 {[%clk 0:33:26]} 14. Ng3 {[%clk 1:00:08]} f5 {[%clk 0:26:08]} 15.
exf6 {[%clk 0:59:48]} Bxf6 {[%clk 0:26:28]} 16. Nxe4 {[%clk 0:55:37]} dxe4 {[%clk
0:25:58]} 17. Bxe4 {[%clk 0:55:59]} Bxe4 {[%clk 0:24:53]} 18. Qxe4 {[%clk
0:56:08]} Qd5 {[%clk 0:25:16]} 19. Qxd5 {[%clk 0:56:33]} Nxd5 {[%clk 0:25:39]}
20. Rd3 {[%clk 0:56:26]} h5 {[%clk 0:16:52]} 21. g5 {[%clk 0:55:09]} Be7 {[%clk
0:14:51]} 22. Ne2 {[%clk 0:36:24]} Rf8 {[%clk 0:13:25]} 23. Bd2 {[%clk 0:34:36]}
Kd7 {[%clk 0:11:55]} 24. h4 {[%clk 0:34:16]} Bd6 {[%clk 0:11:54]} 25. Rf1 {[%clk
0:34:03]} Rf7 {[%clk 0:10:12]} 26. Rdf3 {[%clk 0:33:13]} Raf8 {[%clk 0:10:11]}
27. Kb1 {[%clk 0:32:23]} a5 {[%clk 0:06:44]} 28. c4 {[%clk 0:19:35]} bxc3 {[%clk
0:06:51]} 29. bxc3 {[%clk 0:20:00]} Rb8+ {[%clk 0:04:04]} 30. Kc2 {[%clk
0:19:52]} c5 {[%clk 0:04:31]} 31. dxc5 {[%clk 0:19:50]} Bxc5 {[%clk 0:04:56]} 32.
Rd3 {[%clk 0:19:24]} Ke7 {[%clk 0:04:07]} 33. Nd4 {[%clk 0:19:13]} Rc8 {[%clk
0:00:45]} 34. f5 {[%clk 0:14:31]} Bxd4 {[%clk 0:00:43]} 35. Rxd4 {[%clk 0:14:15]}
Rxf5 {[%clk 0:01:07]} 36. Rxf5 {[%clk 0:12:11]} gxf5 {[%clk 0:01:33]} 37. Kd3
{[%clk 0:11:02]} Rc5 {[%clk 0:01:03]} 38. Rc4 {[%clk 0:04:29]} Rxc4 {[%clk
0:01:21]} 39. Kxc4 {[%clk 0:04:54]} a4 {[%clk 0:01:25]} 40. Kc5 {[%clk 0:33:42]}
f4 {[%clk 0:30:49]} 41. Kd4 {[%clk 0:30:56]} f3 {[%clk 0:26:19]} 42. Be3 {[%clk
0:26:50]} Nf4 {[%clk 0:04:28]} 43. Ke4 {[%clk 0:24:01]} Ng6 {[%clk 0:03:27]} 44.
Bf2 {[%clk 0:23:52]} Kd6 {[%clk 0:03:41]} 45. c4 {[%clk 0:23:23]} Nf8 {[%clk
0:03:38]} 46. Kxf3 {[%clk 0:18:11]} Ke5 {[%clk 0:03:56]} 47. Ke3 {[%clk 0:18:10]}
Ng6 {[%clk 0:03:07]} 48. Kd3 {[%clk 0:14:37]} Ne7 {[%clk 0:02:12]} 49. Kc3 {[%clk
0:13:41]} Nc6 {[%clk 0:00:50]} 50. c5 {[%clk 0:12:36]} Kd5 {[%clk 0:00:58]} 51.
g6 {[%clk 0:12:45]} e5 {[%clk 0:00:54]} 52. g7 {[%clk 0:12:27]} Ne7 {[%clk
0:01:19]} 53. Kb4 {[%clk 0:12:35]} Ke6 {[%clk 0:01:28]} 54. Kxa4 {[%clk 0:11:53]}
Kf7 {[%clk 0:01:41]} 55. Kb5 {[%clk 0:12:06]} Kxg7 {[%clk 0:01:50]} 56. a4 {[%clk
0:12:00]} Kf6 {[%clk 0:02:01]} 57. a5 {[%clk 0:12:07]} Ke6 {[%clk 0:01:59]} 58.
a6 {[%clk 0:11:29]} Kd7 {[%clk 0:02:14]} 59. a7 {[%clk 0:11:27]} Nd5 {[%clk
0:02:38]} 60. c6+ {[%clk 0:11:18]} Kd6 {[%clk 0:02:40]} 61. Bc5+ {[%clk 0:11:32]}
Ke6 {[%clk 0:02:42]} 62. Bb6 {[%clk 0:11:50]} Nc3+ {[%clk 0:03:03]} 63. Ka5
{[%clk 0:11:35]} 1-0

[Event "European Clubs Cup"]
[Site "chess24.com"]
[Date "2018.10.14"]
[Round "3"]
[White "Babula, Vlastimil"]
[Black "Yu, Yangyi"]
[Result "1/2-1/2"]
[Board "2"]
[WhiteElo "2522"]
[WhiteTitle "GM"]
[WhiteCountry "CZE"]
[WhiteFideId "301264"]
[WhiteEloChange "3"]
[BlackElo "2765"]
[BlackTitle "GM"]
[BlackCountry "CHN"]
[BlackFideId "8603820"]
[BlackEloChange "-3"]

1. d4 {[%clk 1:30:56]} Nf6 {[%clk 1:30:48]} 2. c4 {[%clk 1:31:16]} e6 {[%clk
1:31:10]} 3. Nc3 {[%clk 1:31:33]} Bb4 {[%clk 1:29:50]} 4. e3 {[%clk 1:31:43]} c5
{[%clk 1:24:14]} 5. Ne2 {[%clk 1:30:06]} cxd4 {[%clk 1:23:07]} 6. exd4 {[%clk
1:30:27]} O-O {[%clk 1:23:02]} 7. a3 {[%clk 1:30:04]} Be7 {[%clk 1:23:22]} 8. Nf4
{[%clk 1:29:20]} d5 {[%clk 1:21:41]} 9. cxd5 {[%clk 1:28:10]} Nxd5 {[%clk
1:20:04]} 10. Ncxd5 {[%clk 1:28:20]} exd5 {[%clk 1:20:26]} 11. Bd3 {[%clk
1:28:12]} Nc6 {[%clk 1:19:53]} 12. O-O {[%clk 1:27:59]} Bf6 {[%clk 1:10:19]} 13.
Be3 {[%clk 1:27:37]} g6 {[%clk 1:08:00]} 14. Rc1 {[%clk 1:26:13]} Qd6 {[%clk
1:00:42]} 15. Rc5 {[%clk 1:20:29]} Be6 {[%clk 0:58:03]} 16. Nxe6 {[%clk 1:19:54]}
Qxe6 {[%clk 0:58:14]} 17. Bb5 {[%clk 1:13:14]} Rac8 {[%clk 0:45:59]} 18. Re1
{[%clk 1:05:15]} Rfe8 {[%clk 0:42:42]} 19. Bd2 {[%clk 0:53:55]} Qd7 {[%clk
0:41:55]} 20. Rxe8+ {[%clk 0:53:03]} Qxe8 {[%clk 0:39:19]} 21. Be3 {[%clk
0:50:53]} Qe6 {[%clk 0:37:18]} 22. h3 {[%clk 0:41:47]} Ne7 {[%clk 0:29:08]} 23.
Rxc8+ {[%clk 0:36:00]} Qxc8 {[%clk 0:28:47]} 24. g4 {[%clk 0:35:51]} Qc7 {[%clk
0:27:03]} 25. Ba4 {[%clk 0:18:46]} Qb6 {[%clk 0:23:18]} 26. Bb3 {[%clk 0:18:05]}
a5 {[%clk 0:20:04]} 27. Qd3 {[%clk 0:13:08]} h6 {[%clk 0:15:54]} 28. a4 {[%clk
0:12:14]} Bg5 {[%clk 0:12:40]} 29. f4 {[%clk 0:06:56]} Bf6 {[%clk 0:13:07]} 30.
Kg2 {[%clk 0:06:34]} g5 {[%clk 0:12:26]} 31. f5 {[%clk 0:06:16]} Kg7 {[%clk
0:11:41]} 32. Qb5 {[%clk 0:05:40]} Qc7 {[%clk 0:09:41]} 33. Qd3 {[%clk 0:03:47]}
Nc6 {[%clk 0:08:14]} 34. Qc3 {[%clk 0:02:31]} Qd8 {[%clk 0:04:41]} 35. Bf2 {[%clk
0:01:49]} Nb4 {[%clk 0:03:18]} 36. Bd1 {[%clk 0:02:02]} Qe8 {[%clk 0:03:04]} 37.
Qe3 {[%clk 0:01:51]} Qe4+ {[%clk 0:01:54]} 38. Qxe4 {[%clk 0:02:09]} dxe4 {[%clk
0:02:21]} 39. Bb3 {[%clk 0:00:55]} Nd3 {[%clk 0:01:27]} 40. Bc2 {[%clk 0:30:40]}
Nxb2 {[%clk 0:30:33]} 41. Bxe4 {[%clk 0:29:18]} Nxa4 {[%clk 0:28:51]} 42. Bxb7
{[%clk 0:25:58]} Nb2 {[%clk 0:24:11]} 43. Kf3 {[%clk 0:22:50]} Nd3 {[%clk
0:21:36]} 44. Bc6 {[%clk 0:20:23]} Nxf2 {[%clk 0:19:20]} 45. Kxf2 {[%clk
0:20:46]} Bxd4+ {[%clk 0:19:47]} 46. Kf3 {[%clk 0:20:51]} Kf6 {[%clk 0:20:10]}
47. Ke4 {[%clk 0:21:05]} Bb6 {[%clk 0:20:35]} 1/2-1/2

[Event "European Clubs Cup"]
[Site "chess24.com"]
[Date "2018.10.14"]
[Round "3"]
[White "Durarbayli, Vasif"]
[Black "Gunnarsson, Arnar"]
[Result "1-0"]
[Board "5"]
[WhiteElo "2629"]
[WhiteTitle "GM"]
[WhiteCountry "AZE"]
[WhiteFideId "13402935"]
[WhiteEloChange "2"]
[BlackElo "2428"]
[BlackTitle "IM"]
[BlackCountry "ISL"]
[BlackFideId "2300915"]
[BlackEloChange "-2"]

1. d4 {[%clk 1:30:53]} Nf6 {[%clk 1:29:35]} 2. c4 {[%clk 1:31:17]} e6 {[%clk
1:30:01]} 3. Nc3 {[%clk 1:31:41]} Bb4 {[%clk 1:27:45]} 4. e3 {[%clk 1:31:54]} b6
{[%clk 1:27:09]} 5. Bd3 {[%clk 1:23:28]} Bb7 {[%clk 1:25:46]} 6. Ne2 {[%clk
1:23:52]} Bxg2 {[%clk 0:58:20]} 7. Rg1 {[%clk 1:24:07]} Be4 {[%clk 0:58:46]} 8.
a3 {[%clk 1:22:36]} Bxd3 {[%clk 0:37:11]} 9. Qxd3 {[%clk 1:23:00]} Bf8 {[%clk
0:36:07]} 10. e4 {[%clk 1:20:21]} d6 {[%clk 0:36:19]} 11. f4 {[%clk 1:14:45]}
Nbd7 {[%clk 0:32:09]} 12. Be3 {[%clk 1:14:06]} e5 {[%clk 0:24:38]} 13. O-O-O
{[%clk 1:14:22]} c6 {[%clk 0:21:28]} 14. fxe5 {[%clk 1:03:02]} dxe5 {[%clk
0:21:52]} 15. d5 {[%clk 1:02:14]} Qc8 {[%clk 0:17:46]} 16. Kb1 {[%clk 0:56:28]}
g6 {[%clk 0:15:31]} 17. Rg2 {[%clk 0:50:45]} Bg7 {[%clk 0:11:21]} 18. Ng3 {[%clk
0:51:09]} Bf8 {[%clk 0:08:48]} 19. Rf1 {[%clk 0:51:07]} Bc5 {[%clk 0:06:29]} 20.
Bxc5 {[%clk 0:44:45]} Nxc5 {[%clk 0:06:33]} 21. Qd2 {[%clk 0:44:16]} Ng8 {[%clk
0:04:16]} 22. h4 {[%clk 0:43:41]} Qc7 {[%clk 0:03:37]} 23. dxc6 {[%clk 0:43:20]}
Qxc6 {[%clk 0:03:56]} 24. Rgf2 {[%clk 0:42:31]} f6 {[%clk 0:03:38]} 25. h5 {[%clk
0:42:58]} Nd7 {[%clk 0:02:30]} 26. Nb5 {[%clk 0:41:06]} a6 {[%clk 0:01:16]} 27.
Nd6+ {[%clk 0:40:57]} Ke7 {[%clk 0:01:38]} 28. Rd1 {[%clk 0:41:21]} Nf8 {[%clk
0:01:48]} 29. Rh2 {[%clk 0:40:53]} Ra7 {[%clk 0:00:55]} 30. Qb4 {[%clk 0:40:04]}
a5 {[%clk 0:00:45]} 31. Nc8+ {[%clk 0:40:13]} 1-0

[Event "European Clubs Cup"]
[Site "chess24.com"]
[Date "2018.10.14"]
[Round "3"]
[White "Sakalli, Selcuk Orkun"]
[Black "Csonka, Attila Istvan"]
[Result "0-1"]
[Board "6"]
[WhiteElo "1686"]
[WhiteCountry "TUR"]
[WhiteFideId "44522096"]
[WhiteEloChange "-2"]
[BlackElo "2353"]
[BlackTitle "IM"]
[BlackCountry "HUN"]
[BlackFideId "716529"]
[BlackEloChange "2"]

1. d4 {[%clk 1:30:58]} Nf6 {[%clk 1:30:45]} 2. c4 {[%clk 1:31:23]} e6 {[%clk
1:31:09]} 3. Nc3 {[%clk 1:31:48]} Bb4 {[%clk 1:31:31]} 4. Bg5 {[%clk 1:32:16]} c5
{[%clk 1:31:11]} 5. d5 {[%clk 1:32:43]} d6 {[%clk 1:31:17]} 6. e3 {[%clk
1:33:07]} h6 {[%clk 1:31:11]} 7. Bh4 {[%clk 1:33:32]} exd5 {[%clk 1:30:13]} 8.
cxd5 {[%clk 1:33:53]} O-O {[%clk 1:30:27]} 9. Bd3 {[%clk 1:33:04]} Nbd7 {[%clk
1:30:30]} 10. Ne2 {[%clk 1:32:53]} Ne5 {[%clk 1:30:00]} 11. Bc2 {[%clk 1:32:06]}
Ng6 {[%clk 1:22:31]} 12. Bg3 {[%clk 1:28:10]} a6 {[%clk 1:18:20]} 13. O-O {[%clk
1:23:41]} Qe7 {[%clk 1:15:20]} 14. Nf4 {[%clk 1:13:06]} Nxf4 {[%clk 1:12:25]} 15.
Bxf4 {[%clk 1:12:34]} Bxc3 {[%clk 1:11:08]} 16. bxc3 {[%clk 1:12:59]} Bd7 {[%clk
1:10:43]} 17. Re1 {[%clk 1:08:49]} Ng4 {[%clk 0:52:26]} 18. Qd3 {[%clk 0:53:56]}
f5 {[%clk 0:51:19]} 19. e4 {[%clk 0:48:50]} fxe4 {[%clk 0:42:10]} 20. Qg3 {[%clk
0:48:00]} Rf6 {[%clk 0:36:58]} 21. Rxe4 {[%clk 0:29:06]} Qf8 {[%clk 0:36:54]} 22.
Be3 {[%clk 0:28:11]} Nxe3 {[%clk 0:34:13]} 23. Rxe3 {[%clk 0:28:23]} Re8 {[%clk
0:34:03]} 24. Rae1 {[%clk 0:28:05]} Rxe3 {[%clk 0:32:54]} 25. Qxe3 {[%clk
0:26:43]} Bf5 {[%clk 0:30:21]} 26. Bxf5 {[%clk 0:24:19]} Rxf5 {[%clk 0:30:36]}
27. Qe6+ {[%clk 0:21:24]} Qf7 {[%clk 0:29:07]} 28. Qc8+ {[%clk 0:19:00]} Kh7
{[%clk 0:29:28]} 29. Qe6 {[%clk 0:10:47]} Qf8 {[%clk 0:20:56]} 30. f3 {[%clk
0:07:46]} b5 {[%clk 0:20:30]} 31. Re4 {[%clk 0:04:59]} a5 {[%clk 0:14:30]} 32. a3
{[%clk 0:04:47]} Qf6 {[%clk 0:14:24]} 33. Kf2 {[%clk 0:02:21]} Qg5 {[%clk
0:13:45]} 34. Rg4 {[%clk 0:01:53]} Qxg4 {[%clk 0:14:00]} 0-1

[Event "European Clubs Cup"]
[Site "chess24.com"]
[Date "2018.10.14"]
[Round "3"]
[White "Malikentzos, Sotirios"]
[Black "Kosic, Dragan"]
[Result "1/2-1/2"]
[Board "3"]
[WhiteElo "2441"]
[WhiteTitle "IM"]
[WhiteCountry "GRE"]
[WhiteFideId "4215079"]
[BlackElo "2470"]
[BlackTitle "GM"]
[BlackCountry "MNE"]
[BlackFideId "900290"]

1. g3 {[%clk 1:30:57]} c5 {[%clk 1:29:26]} 2. Bg2 {[%clk 1:30:52]} Nc6 {[%clk
1:26:03]} 3. c4 {[%clk 1:29:43]} g6 {[%clk 1:25:59]} 4. Nc3 {[%clk 1:30:04]} Bg7
{[%clk 1:26:19]} 5. Nf3 {[%clk 1:30:27]} d6 {[%clk 1:26:21]} 6. O-O {[%clk
1:30:35]} Nf6 {[%clk 1:22:12]} 7. d4 {[%clk 1:30:09]} cxd4 {[%clk 1:22:28]} 8.
Nxd4 {[%clk 1:30:28]} Bd7 {[%clk 1:20:52]} 9. Nc2 {[%clk 1:29:56]} Qc8 {[%clk
1:19:26]} 10. Bg5 {[%clk 1:21:16]} h6 {[%clk 1:18:40]} 11. Bxf6 {[%clk 1:20:52]}
Bxf6 {[%clk 1:18:48]} 12. Qd2 {[%clk 1:19:50]} Bg7 {[%clk 1:08:29]} 13. Rfd1
{[%clk 1:12:49]} Bh3 {[%clk 1:07:32]} 14. Bh1 {[%clk 1:05:24]} O-O {[%clk
1:07:16]} 15. Ne3 {[%clk 1:05:03]} Re8 {[%clk 1:00:12]} 16. Rac1 {[%clk 1:02:51]}
Nd4 {[%clk 0:52:23]} 17. Nb5 {[%clk 0:55:55]} Nxb5 {[%clk 0:48:59]} 18. cxb5
{[%clk 0:56:13]} Qd7 {[%clk 0:49:27]} 19. Nd5 {[%clk 0:55:24]} Rab8 {[%clk
0:43:52]} 20. a4 {[%clk 0:48:06]} g5 {[%clk 0:21:47]} 21. Rc7 {[%clk 0:38:10]}
Qd8 {[%clk 0:21:43]} 22. Rdc1 {[%clk 0:35:49]} e6 {[%clk 0:19:11]} 23. Nb4 {[%clk
0:35:59]} d5 {[%clk 0:17:50]} 24. Nd3 {[%clk 0:29:58]} Bf5 {[%clk 0:14:50]} 25.
b3 {[%clk 0:20:34]} Re7 {[%clk 0:13:18]} 26. R7c2 {[%clk 0:17:35]} Qd6 {[%clk
0:11:42]} 27. Qe3 {[%clk 0:15:22]} Qb6 {[%clk 0:07:07]} 28. Rc5 {[%clk 0:13:44]}
Bxd3 {[%clk 0:06:38]} 29. Qxd3 {[%clk 0:13:56]} Ree8 {[%clk 0:04:51]} 30. e3
{[%clk 0:06:56]} Bf8 {[%clk 0:04:55]} 31. R5c2 {[%clk 0:06:53]} a6 {[%clk
0:04:51]} 32. Bf3 {[%clk 0:04:13]} axb5 {[%clk 0:05:04]} 33. axb5 {[%clk
0:04:29]} Rbd8 {[%clk 0:04:44]} 34. Bh5 {[%clk 0:04:05]} Re7 {[%clk 0:05:05]} 35.
Kg2 {[%clk 0:03:17]} Bg7 {[%clk 0:04:34]} 36. Rc8 {[%clk 0:02:03]} Qd6 {[%clk
0:03:12]} 37. R1c5 {[%clk 0:02:00]} Rd7 {[%clk 0:01:43]} 38. Qc2 {[%clk 0:01:59]}
Bf8 {[%clk 0:01:03]} 39. Rxd8 {[%clk 0:01:43]} Rxd8 {[%clk 0:01:32]} 40. Rc7
{[%clk 0:31:56]} Rd7 {[%clk 0:31:37]} 41. b6 {[%clk 0:25:20]} Re7 {[%clk
0:27:34]} 42. Rxe7 {[%clk 0:24:01]} Qxe7 {[%clk 0:28:00]} 43. Qc7 {[%clk
0:24:22]} Kg7 {[%clk 0:28:12]} 44. Be2 {[%clk 0:21:05]} e5 {[%clk 0:24:45]} 45.
Bg4 {[%clk 0:15:53]} e4 {[%clk 0:22:29]} 46. Qxe7 {[%clk 0:12:36]} Bxe7 {[%clk
0:22:35]} 47. Bc8 {[%clk 0:13:04]} Bc5 {[%clk 0:21:22]} 48. Bxb7 {[%clk 0:13:29]}
d4 {[%clk 0:21:43]} 49. exd4 {[%clk 0:12:43]} Bxd4 {[%clk 0:21:11]} 50. Bxe4
{[%clk 0:13:09]} Bxb6 {[%clk 0:21:38]} 51. b4 {[%clk 0:11:06]} Kf6 {[%clk
0:21:55]} 52. Bd5 {[%clk 0:11:10]} Ke7 {[%clk 0:22:02]} 53. f3 {[%clk 0:10:12]}
f6 {[%clk 0:20:33]} 54. b5 {[%clk 0:09:49]} Kd6 {[%clk 0:20:44]} 55. Bc6 {[%clk
0:10:00]} Ke5 {[%clk 0:18:14]} 56. Kh3 {[%clk 0:10:16]} f5 {[%clk 0:16:52]} 57.
Be8 {[%clk 0:10:27]} Be3 {[%clk 0:15:21]} 58. Kg2 {[%clk 0:10:47]} Bb6 {[%clk
0:15:34]} 59. Kf1 {[%clk 0:10:54]} Bc5 {[%clk 0:14:16]} 60. Ke2 {[%clk 0:11:07]}
Kd4 {[%clk 0:14:19]} 61. Bc6 {[%clk 0:10:03]} f4 {[%clk 0:12:52]} 62. gxf4 {[%clk
0:09:33]} gxf4 {[%clk 0:13:17]} 63. Bd7 {[%clk 0:09:49]} Bb6 {[%clk 0:13:31]} 64.
Kf1 {[%clk 0:10:08]} Ke5 {[%clk 0:12:11]} 65. Kg2 {[%clk 0:10:28]} Kf6 {[%clk
0:12:08]} 66. h4 {[%clk 0:10:53]} Ke7 {[%clk 0:10:05]} 67. Bg4 {[%clk 0:10:27]}
Kf6 {[%clk 0:09:16]} 68. Bh5 {[%clk 0:10:46]} Kf5 {[%clk 0:08:30]} 69. Kh3 {[%clk
0:11:06]} Bf2 {[%clk 0:08:15]} 70. Bf7 {[%clk 0:11:26]} Kf6 {[%clk 0:07:51]} 71.
Be8 {[%clk 0:11:52]} Kf5 {[%clk 0:08:07]} 72. Bd7+ {[%clk 0:12:17]} Kg6 {[%clk
0:07:35]} 73. Kg4 {[%clk 0:12:38]} Be3 {[%clk 0:07:57]} 74. Be8+ {[%clk 0:12:36]}
Kf6 {[%clk 0:08:23]} 75. Bc6 {[%clk 0:11:48]} Kg6 {[%clk 0:08:42]} 76. Be4+
{[%clk 0:11:52]} Kf6 {[%clk 0:09:02]} 77. Bd3 {[%clk 0:12:05]} Ke5 {[%clk
0:08:48]} 78. Be4 {[%clk 0:07:23]} Kf6 {[%clk 0:08:53]} 79. Kh5 {[%clk 0:07:25]}
Bf2 {[%clk 0:09:11]} 80. Bb1 {[%clk 0:06:50]} Ke5 {[%clk 0:09:24]} 81. b6 {[%clk
0:03:06]} Bxb6 {[%clk 0:09:42]} 82. Kxh6 {[%clk 0:03:32]} Kf6 {[%clk 0:09:54]}
83. Ba2 {[%clk 0:03:53]} Bf2 {[%clk 0:08:57]} 84. h5 {[%clk 0:04:18]} Bd4 {[%clk
0:09:07]} 85. Kh7 {[%clk 0:04:24]} Kg5 {[%clk 0:09:18]} 86. Bf7 {[%clk 0:04:15]}
Bc3 {[%clk 0:09:35]} 87. Bg6 {[%clk 0:04:18]} Bd4 {[%clk 0:09:46]} 88. Kg8 {[%clk
0:03:47]} 1/2-1/2

[Event "European Clubs Cup"]
[Site "chess24.com"]
[Date "2018.10.14"]
[Round "3"]
[White "Haug, Johannes"]
[Black "Hamiti, Gani"]
[Result "1-0"]
[Board "4"]
[WhiteElo "2391"]
[WhiteTitle "FM"]
[WhiteCountry "NOR"]
[WhiteFideId "1509268"]
[WhiteEloChange "4"]
[BlackElo "2149"]
[BlackTitle "FM"]
[BlackCountry "KOS"]
[BlackFideId "4701194"]
[BlackEloChange "-4"]

1. e4 {[%clk 1:30:53]} e5 {[%clk 1:30:49]} 2. Nf3 {[%clk 1:31:21]} Nc6 {[%clk
1:31:12]} 3. Bb5 {[%clk 1:31:48]} a6 {[%clk 1:31:30]} 4. Ba4 {[%clk 1:32:14]} Nf6
{[%clk 1:31:53]} 5. O-O {[%clk 1:31:58]} Bc5 {[%clk 1:29:42]} 6. Bxc6 {[%clk
1:29:53]} dxc6 {[%clk 1:30:02]} 7. d3 {[%clk 1:30:06]} Bg4 {[%clk 1:29:17]} 8.
Be3 {[%clk 1:27:46]} Qe7 {[%clk 1:27:59]} 9. Nbd2 {[%clk 1:22:23]} Rd8 {[%clk
1:24:39]} 10. Qe1 {[%clk 1:11:26]} O-O {[%clk 1:23:35]} 11. h3 {[%clk 1:10:32]}
Bc8 {[%clk 1:17:17]} 12. Nc4 {[%clk 1:02:00]} Bd6 {[%clk 1:10:43]} 13. Bg5 {[%clk
0:55:47]} b5 {[%clk 1:07:21]} 14. Ne3 {[%clk 0:52:07]} h6 {[%clk 1:07:24]} 15.
Bh4 {[%clk 0:50:34]} g5 {[%clk 0:58:09]} 16. Bg3 {[%clk 0:49:33]} Nh5 {[%clk
0:58:01]} 17. Nf5 {[%clk 0:37:36]} Qf6 {[%clk 0:55:48]} 18. d4 {[%clk 0:24:56]}
exd4 {[%clk 0:43:06]} 19. Bxd6 {[%clk 0:25:17]} cxd6 {[%clk 0:42:55]} 20. N3xd4
{[%clk 0:24:42]} c5 {[%clk 0:42:21]} 21. Qd1 {[%clk 0:14:58]} Nf4 {[%clk
0:33:04]} 22. Ne2 {[%clk 0:11:24]} Bxf5 {[%clk 0:28:21]} 23. exf5 {[%clk
0:07:54]} Qxf5 {[%clk 0:26:09]} 24. Nxf4 {[%clk 0:08:19]} Qxf4 {[%clk 0:24:25]}
25. Re1 {[%clk 0:08:46]} d5 {[%clk 0:23:49]} 26. a4 {[%clk 0:06:54]} b4 {[%clk
0:22:19]} 27. Qe2 {[%clk 0:06:04]} Rd6 {[%clk 0:21:13]} 28. Rad1 {[%clk 0:05:48]}
Rfd8 {[%clk 0:17:27]} 29. Qe7 {[%clk 0:03:47]} Qf6 {[%clk 0:16:47]} 30. Qc7
{[%clk 0:04:15]} c4 {[%clk 0:16:35]} 31. Re7 {[%clk 0:02:49]} d4 {[%clk 0:15:24]}
32. Re4 {[%clk 0:02:51]} Qf5 {[%clk 0:14:01]} 33. Rde1 {[%clk 0:01:55]} Qd5
{[%clk 0:14:02]} 34. Re8+ {[%clk 0:00:39]} Rxe8 {[%clk 0:13:55]} 35. Rxe8+ {[%clk
0:00:39]} Kg7 {[%clk 0:14:17]} 36. Qe7 {[%clk 0:00:39]} d3 {[%clk 0:10:55]} 37.
Qf8+ {[%clk 0:00:40]} Kg6 {[%clk 0:11:16]} 38. g4 {[%clk 0:00:36]} Qd4 {[%clk
0:06:45]} 39. cxd3 {[%clk 0:00:39]} cxd3 {[%clk 0:06:38]} 40. Re7 {[%clk
0:30:43]} Qg7 {[%clk 0:32:02]} 41. Qb8 {[%clk 0:12:09]} Rd4 {[%clk 0:27:59]} 42.
Qc8 {[%clk 0:12:22]} Rd5 {[%clk 0:15:29]} 43. Qc6+ {[%clk 0:10:52]} Qf6 {[%clk
0:14:47]} 44. Qxd5 {[%clk 0:11:19]} Qxe7 {[%clk 0:15:03]} 45. Qxd3+ {[%clk
0:11:42]} Kg7 {[%clk 0:14:57]} 46. Qxa6 {[%clk 0:11:47]} Qe1+ {[%clk 0:14:50]}
47. Qf1 {[%clk 0:10:36]} Qd2 {[%clk 0:13:21]} 48. Qa1 {[%clk 0:08:42]} h5 {[%clk
0:06:32]} 49. b3+ {[%clk 0:07:03]} f6 {[%clk 0:05:44]} 50. a5 {[%clk 0:05:55]}
hxg4 {[%clk 0:05:51]} 51. hxg4 {[%clk 0:06:20]} Qd7 {[%clk 0:06:09]} 52. f3
{[%clk 0:04:51]} Qd3 {[%clk 0:04:27]} 53. Qe1 {[%clk 0:03:16]} Qxb3 {[%clk
0:01:48]} 54. Qe7+ {[%clk 0:03:17]} Kg6 {[%clk 0:02:05]} 55. Qe4+ {[%clk
0:03:11]} Kg7 {[%clk 0:02:25]} 56. a6 {[%clk 0:03:05]} Qd1+ {[%clk 0:02:08]} 57.
Kg2 {[%clk 0:03:08]} b3 {[%clk 0:01:54]} 58. Qe7+ {[%clk 0:02:39]} Kg6 {[%clk
0:02:02]} 59. a7 {[%clk 0:02:37]} Qd2+ {[%clk 0:01:50]} 60. Kh3 {[%clk 0:02:47]}
Qc1 {[%clk 0:01:11]} 61. Qe8+ {[%clk 0:02:00]} Kg7 {[%clk 0:01:26]} 62. Qe7+
{[%clk 0:02:06]} Kg6 {[%clk 0:01:49]} 63. Qe4+ {[%clk 0:01:40]} Kh6 {[%clk
0:02:06]} 64. f4 {[%clk 0:01:09]} Qf1+ {[%clk 0:02:01]} 65. Qg2 {[%clk 0:01:15]}
Qxg2+ {[%clk 0:00:43]} 66. Kxg2 {[%clk 0:01:41]} b2 {[%clk 0:01:07]} 67. a8Q
{[%clk 0:02:04]} b1Q {[%clk 0:01:32]} 68. Qf8+ {[%clk 0:02:01]} Kh7 {[%clk
0:00:37]} 69. Qf7+ {[%clk 0:02:29]} Kh8 {[%clk 0:00:56]} 70. Qxf6+ {[%clk
0:02:49]} Kh7 {[%clk 0:00:54]} 71. Qf7+ {[%clk 0:03:11]} Kh6 {[%clk 0:00:52]} 72.
Qh5+ {[%clk 0:03:36]} Kg7 {[%clk 0:01:11]} 73. Qxg5+ {[%clk 0:04:03]} Kh8 {[%clk
0:01:20]} 74. Qe5+ {[%clk 0:03:58]} Kg8 {[%clk 0:01:40]} 75. g5 {[%clk 0:03:00]}
Qc2+ {[%clk 0:01:50]} 76. Kg3 {[%clk 0:03:20]} Qd3+ {[%clk 0:01:44]} 77. Kg4
{[%clk 0:03:16]} Qd7+ {[%clk 0:01:37]} 78. Kf3 {[%clk 0:03:25]} Qd1+ {[%clk
0:01:29]} 79. Ke4 {[%clk 0:03:10]} Qc2+ {[%clk 0:01:36]} 80. Kd5 {[%clk 0:03:11]}
Qb3+ {[%clk 0:01:18]} 81. Ke4 {[%clk 0:01:38]} Qc2+ {[%clk 0:01:38]} 82. Kf3
{[%clk 0:02:00]} Qd1+ {[%clk 0:01:44]} 83. Qe2 {[%clk 0:02:23]} Qd5+ {[%clk
0:01:01]} 84. Kg3 {[%clk 0:02:33]} Qb3+ {[%clk 0:00:53]} 85. Kg4 {[%clk 0:02:41]}
Qb1 {[%clk 0:00:45]} 86. Qe8+ {[%clk 0:01:29]} Kg7 {[%clk 0:01:05]} 87. Qe5+
{[%clk 0:01:48]} Kg8 {[%clk 0:01:23]} 88. Qe6+ {[%clk 0:01:41]} Kg7 {[%clk
0:01:42]} 89. Qf6+ {[%clk 0:01:34]} Kg8 {[%clk 0:02:01]} 90. Qd8+ {[%clk
0:01:58]} Kg7 {[%clk 0:02:20]} 91. Qd4+ {[%clk 0:02:25]} Kg8 {[%clk 0:02:41]} 92.
f5 {[%clk 0:02:36]} Qb8 {[%clk 0:01:32]} 93. Qc4+ {[%clk 0:01:39]} Kh8 {[%clk
0:01:44]} 94. g6 {[%clk 0:01:36]} Qa8 {[%clk 0:01:20]} 95. Qc3+ {[%clk 0:01:54]}
Kg8 {[%clk 0:01:35]} 96. Qb3+ {[%clk 0:01:28]} Kh8 {[%clk 0:01:20]} 97. Qh3+
{[%clk 0:01:09]} Kg7 {[%clk 0:01:44]} 98. Qh7+ {[%clk 0:01:28]} Kf6 {[%clk
0:02:09]} 99. Qh4+ {[%clk 0:01:47]} Ke5 {[%clk 0:02:12]} 100. Qg3+ {[%clk
0:02:16]} Kd4 {[%clk 0:02:16]} 101. Qf2+ {[%clk 0:02:35]} Kc4 {[%clk 0:02:17]}
102. g7 {[%clk 0:02:57]} Kb5 {[%clk 0:01:07]} 103. Qe2+ {[%clk 0:01:18]} Kc5
{[%clk 0:00:50]} 104. Qe3+ {[%clk 0:01:42]} Kb4 {[%clk 0:00:53]} 105. Qd4+ {[%clk
0:01:28]} Kb5 {[%clk 0:00:44]} 106. Kg5 {[%clk 0:01:08]} Qg2+ {[%clk 0:00:54]}
107. Kf6 {[%clk 0:01:28]} Qc6+ {[%clk 0:00:50]} 108. Ke7 {[%clk 0:01:47]} Qa8
{[%clk 0:00:53]} 109. f6 {[%clk 0:01:58]} Qa3+ {[%clk 0:01:09]} 110. Qd6 {[%clk
0:02:00]} Qe3+ {[%clk 0:01:25]} 111. Kf7 {[%clk 0:01:41]} Qa7+ {[%clk 0:00:38]}
112. Qe7 {[%clk 0:01:51]} Qa2+ {[%clk 0:00:54]} 113. Kf8 {[%clk 0:02:15]} 1-0